| 000 | 01148cam a2200205 4500 | ||
|---|---|---|---|
| 001 | ##L135436 | ||
| 008 | 061026n2006 000 0 eng u | ||
| 035 | _a(Sirsi) u135436 | ||
| 041 | 0 | _aeng | |
| 050 | 0 | 4 | _a338.13 $2 22 |
| 110 | 1 |
_aUnited Kingdom _bDepartment for Environment, Food and Rural Affairs |
|
| 245 | 0 | 0 |
_aMeasures of farm income _ba consultation by the Department for Environment, Food and Rural Affairs |
| 260 |
_aLondon _bDEFRA _c2006 |
||
| 520 | _aSeeks views on the way farm income is measured, what activities it should cover and in particular whether Net Farm Income is still a useful headline income measure or if some alternative might be more relevant to today's needs. Farm income has for many years been the most widely quoted general indicator of the health of the farming sector. Deadline for responses is 8 January 2007. | ||
| 590 | _aIKA311006 | ||
| 651 | 4 |
_aEngland _y886- |
|
| 690 | _aPROPERTY-RURAL AND NATURAL ASSETS-RURAL AND NATURAL ASSET MANAGEMENT | ||
| 856 | 4 | 0 |
_uhttps://www.defra.gov.uk/corporate/consult/farm-income/index.htm _zView the consultation free of charge at www.defra.gov.uk... |
| 942 | _n0 | ||
| 999 |
_c106061 _d106061 |
||